संस्उाgऎतीSया प्रसादखुणा (Record no. 333897)

MARC details
000 -LEADER
fixed length control field 00700nam a2200169Ia 4500
008 - FIXED-LENGTH DATA ELEMENTS--GENERAL INFORMATION
fixed length control field 090711s9999 xx 000 0 und d
082 ## - DEWEY DECIMAL CLASSIFICATION NUMBER
Item number 1056
100 ## - MAIN ENTRY--PERSONAL NAME
Personal name देशपांडे राजलक्ष्मी
245 ## - TITLE STATEMENT
Title संस्उाgऎतीSया प्रसादखुणा
260 ## - PUBLICATION, DISTRIBUTION, ETC. (IMPRINT)
Name of publisher, distributor, etc चिरानि प्रकाशन
Date of publication, distribution, etc 1998
300 ## - PHYSICAL DESCRIPTION
Extent 232
600 ## - SUBJECT ADDED ENTRY--PERSONAL NAME
Personal name देशपांडे राजलक्ष्मी
630 ## - SUBJECT ADDED ENTRY--UNIFORM TITLE
Uniform title संस्उाgऎतीSया प्रसादखुणा
700 ## - ADDED ENTRY--PERSONAL NAME
Personal name देशपांडे राजलक्ष्मी
730 ## - ADDED ENTRY--UNIFORM TITLE
Uniform title संस्उाgऎतीSया प्रसादखुणा
942 ## - ADDED ENTRY ELEMENTS (KOHA)
Koha item type Book

No items available.